000
00475nam a2200145Ia 4500
008
100204s9999 xx 000 0 und d
082
_b
10686
100
_a
लोहार मालती
245
_a
सूर तेच छेडता
260
_b
"प्रयत्न प्रकाशन , औदुंबर"
_c
1988
300
_a
182
630
_a
सूर तेच छेडता
730
_a
सूर तेच छेडता
942
_c
BOOK
999
_c
455122
_d
455119